Online
Catalog

Taínos, arte y sociedad / (Record no. 52351)

MARC details
000 -CABECERA
campo de control de longitud fija 01654nam a22003977a 4500
003 - IDENTIFICADOR DEL NÚMERO DE CONTROL
campo de control DO-SdBNP
005 - FECHA Y HORA DE LA ÚLTIMA TRANSACCIÓN
campo de control 20221110085444.0
007 - CAMPO FIJO DE DESCRIPCIÓN FÍSICA--INFORMACIÓN GENERAL
campo de control de longitud fija ta
008 - DATOS DE LONGITUD FIJA--INFORMACIÓN GENERAL
campo de control de longitud fija 220831e2019 |||ao f l001 0 spa d
020 ## - NÚMERO INTERNACIONAL ESTÁNDAR DEL LIBRO
Número Internacional Estándar del Libro 9789945868371
040 ## - FUENTE DE LA CATALOGACIÓN
Centro catalogador/agencia de origen DO-SdBNP
Lengua de catalogación spa
Centro/agencia transcriptor BNPHU
082 #4 - NÚMERO DE LA CLASIFICACIÓN DECIMAL DEWEY
Número de edición 22
Número de clasificación 972.9301
Número de documento/Ítem G216t
100 11 - ENTRADA PRINCIPAL--NOMBRE DE PERSONA
Nombre de persona García Arévalo, Manuel Antonio
9 (RLIN) 59457
Fechas asociadas al nombre 1948-
245 10 - MENCIÓN DE TÍTULO
Título Taínos, arte y sociedad /
Mención de responsabilidad, etc. Manuel A. García Arévalo ; fotografía, Víctor Siladi; ilustración, Pedro L. Díaz Alvarado; traducciónes de Ana Martínez, Gérard Gauge y Delia Blanco; corrección, Clara Dobarro
260 ## - PUBLICACIÓN, DISTRIBUCIÓN, ETC.
Lugar de publicación, distribución, etc. Santo Domingo :
Nombre del editor, distribuidor, etc. Banco Popular Dominicano,
Fecha de publicación, distribución, etc. 2019.
300 ## - DESCRIPCIÓN FÍSICA
Extensión 451 p. :
Otras características físicas il.; fot.;
Dimensiones 32 cm
500 ## - NOTA GENERAL
Nota general Dedicatoria a José Antonio Caro Åvarez y Marcio Veloz Maggiolo.
500 ## - NOTA GENERAL
Nota general Libro en español, ingles y francés.
504 ## - NOTA DE BIBLIOGRAFÍA, ETC.
Nota de bibliografía, etc. Bibliografía p: 440-451
590 ## - NOTA LOCAL (RLIN)
Nota local Inventariado, 2022 / SA
650 #4 - PUNTO DE ACCESO ADICIONAL DE MATERIA--TÉRMINO DE MATERIA
9 (RLIN) 57271
Término de materia o nombre geográfico como elemento de entrada Hitoria
Subdivisión general Taínos
Subdivisión de forma Arte
-- Sociedad
Subdivisión cronológica República Dominicana
650 #4 - PUNTO DE ACCESO ADICIONAL DE MATERIA--TÉRMINO DE MATERIA
Término de materia o nombre geográfico como elemento de entrada Arte taíno
9 (RLIN) 82167
650 #4 - PUNTO DE ACCESO ADICIONAL DE MATERIA--TÉRMINO DE MATERIA
9 (RLIN) 27491
Término de materia o nombre geográfico como elemento de entrada Arte y sociedad
Subdivisión geográfica América Latina
650 #4 - PUNTO DE ACCESO ADICIONAL DE MATERIA--TÉRMINO DE MATERIA
9 (RLIN) 54175
Término de materia o nombre geográfico como elemento de entrada Costumbres indigenas
Subdivisión general Arte
650 #4 - PUNTO DE ACCESO ADICIONAL DE MATERIA--TÉRMINO DE MATERIA
Término de materia o nombre geográfico como elemento de entrada Arte precolombino
9 (RLIN) 54172
651 #1 - PUNTO DE ACCESO ADICIONAL DE MATERIA--NOMBRE GEOGRÁFICO
Nombre geográfico República Dominicana
Subdivisión general Arqueología prehispánica
9 (RLIN) 82311
700 #1 - PUNTO DE ACCESO ADICIONAL--NOMBRE DE PERSONA
Nombre de persona Siladi, Víctor
Término indicativo de función/relación fot.
9 (RLIN) 73802
700 #1 - PUNTO DE ACCESO ADICIONAL--NOMBRE DE PERSONA
Nombre de persona Díaz Alvarado,Pedro L.
Término indicativo de función/relación ilus.
Forma completa/desarrollada del nombre Taínas
9 (RLIN) 82303
700 #1 - PUNTO DE ACCESO ADICIONAL--NOMBRE DE PERSONA
Nombre de persona Martínez, Ana
Término indicativo de función/relación tr..
9 (RLIN) 82304
Código de función/relación Inglés
700 #1 - PUNTO DE ACCESO ADICIONAL--NOMBRE DE PERSONA
Nombre de persona Gauge, Gérard
Término indicativo de función/relación tr..
9 (RLIN) 82305
Código de función/relación Francés
700 #1 - PUNTO DE ACCESO ADICIONAL--NOMBRE DE PERSONA
Nombre de persona Blanco, Delia
Término indicativo de función/relación tr.,
9 (RLIN) 82306
Código de función/relación Francés
700 #1 - PUNTO DE ACCESO ADICIONAL--NOMBRE DE PERSONA
Nombre de persona Dobarro, Clara
Término indicativo de función/relación corr.
9 (RLIN) 34619
830 ## - PUNTO DE ACCESO ADICIONAL DE SERIE-TÍTULO UNIFORME
Título uniforme Banco Popular Dominicano
9 (RLIN) 82307
910 ## - DATOS DE OPCIÓN DEL USUARIO (OCLC)
Datos de opción del usuario YLockward
942 ## - ELEMENTOS DE PUNTO DE ACCESO ADICIONAL (KOHA)
Fuente del sistema de clasificación o colocación Dewey Decimal Classification
Tipo de ítem Koha Libro
Holdings
Estado de retiro Estado de pérdida Fuente del sistema de clasificación o colocación Restricciones de uso No para préstamo Código de colección Localización permanente Ubicación/localización actual Ubicación en estantería Fecha de adquisición Fuente de adquisición Signatura topográfica completa Código de barras Fecha visto por última vez Precio válido a partir de Tipo de ítem Koha Total de préstamos Número de copia
    Dewey Decimal Classification Excluido de préstamo   Patrimonio Dominicano Biblioteca Nacional Pedro Henríquez Ureña Biblioteca Nacional Pedro Henríquez Ureña En catalogación 19.12.2019 Depósito Legal BNPHU PD 972.9301 G216t 2022-3866 31.08.2022 31.08.2022 Libro    
    Dewey Decimal Classification Excluido de préstamo   Patrimonio Dominicano Biblioteca Nacional Pedro Henríquez Ureña Biblioteca Nacional Pedro Henríquez Ureña En catalogación 19.12.2019 Banco Popular BNPHU PD 972.9301 G216t 2022-5112 10.11.2022 31.08.2022 Libro   e. 2
    Dewey Decimal Classification Préstamo en sala   Dominicana de Servicio Biblioteca Nacional Pedro Henríquez Ureña Biblioteca Nacional Pedro Henríquez Ureña En catalogación 19.12.2019 Banco Popular BNPHU PD 972.9301 G216t 2022-5113 10.11.2022 31.08.2022 Libro   e. 3
    Dewey Decimal Classification Préstamo en sala   Dominicana de Servicio Biblioteca Nacional Pedro Henríquez Ureña Biblioteca Nacional Pedro Henríquez Ureña En catalogación 19.12.2019 Banco Popular BNPHU PD 972.9301 G216t 2022-5114 10.11.2022 31.08.2022 Libro   e. 4
    Dewey Decimal Classification Préstamo en sala   Dominicana de Servicio Biblioteca Nacional Pedro Henríquez Ureña Biblioteca Nacional Pedro Henríquez Ureña En catalogación 19.12.2019 Banco Popular BNPHU PD 972.9301 G216t 2022-5115 10.11.2022 31.08.2022 Libro   e. 5

Powered by Koha